|
|
|
|
| LEADER |
01163nam a22002657a 4500 |
| 001 |
AAL8171 |
| 003 |
BD-DhAAL |
| 005 |
20160320194323.0 |
| 008 |
160320s 2014bg a|||| b||| 001 0 ben d |
| 020 |
|
|
|a 9789849048633
|
| 040 |
|
|
|a BD-DhAAL
|c BD-DhAAL
|
| 082 |
|
|
|a 305.42095492
|
| 100 |
|
|
|a চৌধুরী, মোঃ শাহীদুর রহমান
|9 18672
|
| 245 |
|
|
|a ক্ষুদ্রঋণ ও নারীর ক্ষমতায়ন /
|c মোঃ শাহীদুর রহমান চৌধুরী
|
| 250 |
|
|
|a 1st ed.
|
| 260 |
|
|
|a ঢাকা :
|b এ এইচ ডেভেলপমেন্ট পাবলিশিং,
|c ২০১৪
|
| 300 |
|
|
|a ১৩০ পৃ. :
|b চিত্র ;
|c ২২ সে.মি.
|
| 504 |
|
|
|6 Includes bibliography and index
|
| 541 |
|
|
|e 8171
|
| 650 |
|
|
|a Microcredit
|x Bangladesh studies
|9 18673
|
| 650 |
|
|
|a Women empowerment
|9 18674
|
| 852 |
|
|
|a Savar Campus Library
|c General Shelf
|
| 942 |
|
|
|2 ddc
|c BK
|
| 999 |
|
|
|c 37182
|d 37182
|
| 952 |
|
|
|0 0
|1 0
|2 ddc
|4 0
|6 305_420954920000000_CHO
|7 0
|9 58459
|a SCL
|b SCL
|c GEN
|d 2016-03-20
|e Gift:
|g 300.00
|l 0
|o 305.42095492 CHO
|p 3020008171
|r 2016-03-20
|t 1
|w 2016-03-20
|y BK
|